000 00937nam a22002657i 4500
003 DO-SdBNP
005 20240115131925.0
007 ta
008 240115b1910 dr ||||| |||| 00| 0 spa d
040 _aDO-SdBNP
_bspa
_cBNPHU
_erda
082 4 _222
100 1 _aElmúdesi, Antonio Elías
_984775
110 1 _aInstituto Profesional de Santo Domingo.
_bFacultad de Medicina
_984780
245 _aConsideraciones jenerales acerca de la uncinariasis en Santo Domingo /
_cAntonio Elías Elmúdesi.
264 _aSanto Domingo
_b Imprenta la Cuna de América
_c1910
300 _a78, [3] páginas
_c23 cm.
336 _2rdacontent
_atexto
_btxt
337 _2 rdamedia
_asin mediación
_bn
338 _2rdacarrier
_avolumen
_bnc
500 _aTesis para la Licenciatura de Bachiller en Letra i Ciencia
504 _aBibliografía : p. [81].
590 _aInventariado, 2024 /LP
910 _aLpérez
942 _2ddc
_cLBS1
999 _c55661
_d55661